000 00812nam a2200217 i 4500
001 101223
003 ES-MaACL
005 20230906182841.0
007 t|
008 051014s1931 sp ||||1| spa d
245 0 0 _aMáximas de moral médica
_b: Madrid: 1847 /
_ccompiladas por Dr. José de Arce y Luque.
260 _aMasnou, Barcelona :
_bLaboratorios del Norte de España,
_c1931.
300 _a18 p. ;
_c22 cm.
490 1 _aColección de publicaciones médicas histórico-artísticas ;
_v7
651 4 _aMedicina-
_vMáximas y aforismos.
_9158147
700 1 _aArce y Luque, José de.
_922467
710 2 _aLaboratorios del Norte de España.
_95476
830 0 _aColección de publicaciones médicas histórico-artísticas ;
_v7
_9182835
852 _aES-MaACL
_j1933-F-6
999 _c101223
_d101223